000 00958nam a2200241 a 4500
003 DO-SdBNP
005 20240305081628.0
007 ta
008 221024e2015 dr aoc|gr|||| 00| 0dspa d
040 _aDO-SdBNP
_bspa
_cBNPHU
082 4 _222
_bI24d
110 2 _956168
_aIglesia Católica.
_bAquidiósesis de Santo Domingo
245 1 0 _aDiócesis de la Vega 2015:
_b"tú eres sacerdote para siempre (Salmos 109)". /
_cFotografías, Ramón Frías, Fabriel Polanco y Juan B. Peña
260 _aSanto Cerro La Vega, República Dominicana:
_bFrias Editores,
_c2015
300 _a51 p. :
_bil., fotogr., mapas, retr. ;
_c28 cm.
500 _aIncluye datos biográficos de Monseñor Héctor Rodríguez Rodríguez, p.4. y otros
590 _aInventariado 2022 / MFeliz
700 1 _aFrías López, José Ramón
_efotogr.
_979820
700 1 _aPolanco, Fabriel
_efotogr.
_982578
700 1 _941704
_aPeña, Juan B.
_efotogr.
910 _aMFeliz
942 _2ddc
_cLBS1
999 _c52621
_d52621